[Event "Dieren op"]
[Site "Dieren"]
[Date "2023.07.26"]
[Round "2"]
[White "Ritzerveld, Noah"]
[Black "Noordenbos, Daan"]
[Result "1-0"]
[WhiteElo "2007"]
[BlackElo "2077"]
[PlyCount "113"]
[EventDate "2023.07.25"]
[EventType "swiss"]
[EventRounds "9"]
[EventCountry "NED"]
[SourceTitle "CBM 215 Extra"]
[Source "ChessBase"]
[SourceDate "2023.09.30"]
[SourceVersion "1"]
[SourceVersionDate "2023.09.30"]
[SourceQuality "1"]

1. e4 e6 2. d4 d5 3. Nc3 Bb4 4. e5 c5 5. a3 Bxc3+ 6. bxc3 Ne7 7. Qg4 0-0 8. Bd3 f5 9. exf6 Rxf6 10. Bg5 Rf7 11. Qh5 g6 12. Qh4 c4 13. Be2 Qa5 14. Bd2 Nf5 15. Qg5 Nd7 16. g4 Nd6 17. f3 Qb6 18. Nh3 Qb2 19. 0-0 Nf6 20. Rfb1 Qxc2 21. Bd1 Qd3 22. Nf2 Nfe4 23. Qd8+ Rf8 24. Qxf8+ Kxf8 25. Bh6+ Kg8 26. Nxd3 Nxc3 27. Ne5 Nxb1 28. Rxb1 b6 29. Ba4 b5 30. Bc2 a6 31. Bf4 Nf7 32. Nxf7 Kxf7 33. Bd6 Bd7 34. Kf2 a5 35. Kg3 Ra6 36. Be5 Ra7 37. Kf4 h6 38. h4 Bc6 39. Bd6 Bd7 40. Ke5 Kg7 41. Bc5 Ra6 42. h5 g5 43. Bg6 Kg8 44. Rf1 b4 45. axb4 a4 46. Ra1 Bb5 47. Ra3 c3 48. f4 Kg7 49. fxg5 hxg5 50. Be7 Rc6 51. Bxg5 c2 52. Bc1 Rc4 53. Rf3 Rc7 54. Rf6 Rc8 55. h6+ Kh8 56. h7 Be2 57. Rf7 1-0

[Event "Groningen Combinatie op"]
[Site "Groningen"]
[Date "2023.05.20"]
[Round "5"]
[White "Kingma, Lukas"]
[Black "Noordenbos, Daan"]
[Result "1-0"]
[WhiteElo "1518"]
[BlackElo "2076"]
[PlyCount "107"]
[EventDate "2023.05.18"]
[EventType "swiss"]
[EventRounds "7"]
[EventCountry "NED"]
[SourceTitle "CBM 214 Extra"]
[Source "ChessBase"]
[SourceDate "2023.07.31"]
[SourceVersion "1"]
[SourceVersionDate "2023.07.31"]
[SourceQuality "1"]

1. d4 Nf6 2. c4 g6 3. Nc3 Bg7 4. e4 d6 5. Nf3 0-0 6. Be2 Nbd7 7. 0-0 e5 8. Be3 Qe7 9. d5 a5 10. Nd2 c5 11. Qc2 Ne8 12. f4 f5 13. fxe5 Nxe5 14. Nf3 f4 15. Bd2 Bd7 16. Nd1 a4 17. a3 Nc7 18. Bc3 b5 19. Nxe5 Bxe5 20. Bxe5 Qxe5 21. Kh1 bxc4 22. Nc3 Rf6 23. Bxc4 g5 24. Be2 g4 25. Qd1 h5 26. Rc1 Kg7 27. h3 Rg6 28. Rc2 gxh3 29. gxh3 Bxh3 30. Rg1 Rxg1+ 31. Qxg1+ Kh6 32. Bf3 Qg5 33. Qd1 Rg8 34. e5 Qxe5 35. Rh2 Qf5 36. Bxh5 Bg2+ 37. Rxg2 Qh3+ 38. Rh2 Rg3 39. Rxh3 Rxh3+ 40. Kg2 Rxh5 41. Qf3 Rf5 42. Qh3+ Kg6 43. Kf3 Ne8 44. Qg4+ Rg5 45. Qe6+ Nf6 46. Ne4 Rf5 47. Qxd6 c4 48. Nxf6 Rxf6 49. Qc5 Kf5 50. d6+ Ke6 51. Qxc4+ Kxd6 52. Qd4+ Ke6 53. Qxf6+ Kxf6 54. Kxf4 1-0

[Event "Groningen op 58th"]
[Site "Groningen"]
[Date "2022.12.30"]
[Round "9"]
[White "Noordenbos, Daan"]
[Black "Matsumura, Cocoro"]
[Result "1-0"]
[WhiteElo "2056"]
[BlackElo "2133"]
[PlyCount "79"]
[EventDate "2022.12.21"]
[EventType "swiss"]
[EventRounds "9"]
[EventCountry "NED"]
[SourceTitle "CBM 211 Extra"]
[Source "ChessBase"]
[SourceDate "2023.01.31"]
[SourceVersion "1"]
[SourceVersionDate "2023.01.31"]
[SourceQuality "1"]

1. e4 c5 2. Nf3 d6 3. d4 cxd4 4. Nxd4 Nf6 5. Nc3 Nc6 6. Bg5 Bd7 7. Bxf6 gxf6 8. Nf5 h5 9. Qd2 Qa5 10. Bb5 0-0-0 11. 0-0-0 a6 12. Bxc6 bxc6 13. Qd3 Kb7 14. Kb1 Rg8 15. g3 Bxf5 16. exf5 Rg5 17. f4 Rxf5 18. b4 Qxb4+ 19. Ka1 Qa5 20. Rb1+ Ka7 21. Rb3 Rc5 22. Rhb1 Qc7 23. Qe3 Ka8 24. Rb7 Qxb7 25. Rxb7 Kxb7 26. Na4 Rb5 27. c4 Rb4 28. a3 Rxa4 29. Qb3+ Kc7 30. Qxa4 Rb8 31. Qa5+ Rb6 32. Qxh5 f5 33. Qxf7 Rb8 34. h4 Kb6 35. Kb2 Kc5+ 36. Kc2 e5 37. h5 Rd8 38. Qa7+ Kxc4 39. Qxa6+ Kd4 40. Qb6+ 1-0

[Event "Groningen op-B 57th"]
[Site "Groningen"]
[Date "2019.12.28"]
[Round "7"]
[White "Noordenbos, Daan"]
[Black "Slagter, Ruben"]
[Result "0-1"]
[WhiteElo "2023"]
[BlackElo "2077"]
[PlyCount "106"]
[EventDate "2019.12.21"]
[EventType "swiss"]
[EventRounds "9"]
[EventCountry "NED"]
[SourceTitle "CBM 194 Extra"]
[Source "ChessBase"]
[SourceDate "2020.03.31"]
[SourceVersion "1"]
[SourceVersionDate "2020.03.31"]
[SourceQuality "1"]

1. e4 c5 2. Nf3 Nc6 3. d4 cxd4 4. Nxd4 g6 5. c4 Nf6 6. Nc3 Nxd4 7. Qxd4 d6 8. Be3 Bg7 9. h3 0-0 10. Qd2 a5 11. Rd1 a4 12. e5 Ne8 13. Bf4 Qa5 14. Nd5 Qxd2+ 15. Bxd2 Bxe5 16. Nxe7+ Kg7 17. Nxc8 Rxc8 18. b3 axb3 19. axb3 Nc7 20. f4 Bd4 21. Bb4 Rfe8+ 22. Be2 Ne6 23. g3 Bf6 24. Kf2 Nd4 25. Rhe1 Nc2 26. Bg4 Nxb4 27. Bxc8 Rxc8 28. Rxd6 Ra8 29. Kf3 Ra3 30. Rb1 Nc6 31. Ke4 Ra2 32. Rd7 Re2+ 33. Kf3 Rc2 34. Ke4 Re2+ 35. Kf3 Rc2 36. Ke4 Nd8 37. Rd3 Ne6 38. Kd5 b5 39. cxb5 Nc7+ 40. Ke4 Nxb5 41. Re1 Nc3+ 42. Kf3 Rh2 43. h4 h5 44. Re8 Nb5 45. Re2 Nd4+ 46. Rxd4 Rxe2 47. Rd3 Rc2 48. f5 Rc3 49. Rxc3 Bxc3 50. fxg6 fxg6 51. g4 hxg4+ 52. Kxg4 Kh6 53. h5 g5 0-1

[Event "Groningen op-B 57th"]
[Site "Groningen"]
[Date "2019.12.26"]
[Round "5"]
[White "Labruyere, Roger"]
[Black "Noordenbos, Daan"]
[Result "1-0"]
[WhiteElo "1933"]
[BlackElo "2023"]
[PlyCount "98"]
[EventDate "2019.12.21"]
[EventType "swiss"]
[EventRounds "9"]
[EventCountry "NED"]
[SourceTitle "CBM 194 Extra"]
[Source "ChessBase"]
[SourceDate "2020.03.31"]
[SourceVersion "1"]
[SourceVersionDate "2020.03.31"]
[SourceQuality "1"]

1. d4 Nf6 2. Nf3 g6 3. g3 Bg7 4. Bg2 0-0 5. 0-0 d6 6. b3 Nbd7 7. Bb2 Ne4 8. Nbd2 Nxd2 9. Nxd2 c5 10. Nc4 Rb8 11. a4 b6 12. d5 Qc7 13. Bxg7 Kxg7 14. e4 Ba6 15. Na3 Bxf1 16. Bxf1 a5 17. Nb5 Qb7 18. c4 h5 19. f4 f6 20. Bh3 Rh8 21. Qe2 Rbd8 22. Re1 g5 23. Bf5 Kh6 24. Qe3 Rhg8 25. Be6 Rg7 26. e5 dxe5 27. fxg5+ fxg5 28. Bxd7 Qxd7 29. Qxe5 Rf8 30. Nc7 Rf5 31. Qe4 Rgf7 32. Ne6 Qd6 33. Qe3 Kg6 34. Qd3 R7f6 35. Qe4 Kf7 36. g4 Rf2 37. Qh7+ Ke8 38. Qxh5+ Kd7 39. Qh8 Rxe6 40. dxe6+ Kc7 41. Kxf2 Qd2+ 42. Kf1 Qf4+ 43. Ke2 Qe4+ 44. Kd2 Qf4+ 45. Re3 Qf2+ 46. Re2 Qf4+ 47. Kc2 Qf1 48. Qe5+ Kc8 49. Rd2 Qf3 1-0

[Event "Groningen op-B 57th"]
[Site "Groningen"]
[Date "2019.12.23"]
[Round "3"]
[White "Noordenbos, Daan"]
[Black "De Winter, Arthur"]
[Result "1/2-1/2"]
[WhiteElo "2023"]
[BlackElo "1932"]
[PlyCount "82"]
[EventDate "2019.12.21"]
[EventType "swiss"]
[EventRounds "9"]
[EventCountry "NED"]
[SourceTitle "CBM 194 Extra"]
[Source "ChessBase"]
[SourceDate "2020.03.31"]
[SourceVersion "1"]
[SourceVersionDate "2020.03.31"]
[SourceQuality "1"]

1. e4 c5 2. Nf3 Nc6 3. d4 cxd4 4. Nxd4 Nf6 5. Nc3 e5 6. Ndb5 d6 7. Nd5 Nxd5 8. exd5 Nb8 9. a4 Be7 10. Be3 0-0 11. a5 Nd7 12. Nxa7 Bg5 13. Bxg5 Qxg5 14. Nb5 Qg6 15. Qd3 e4 16. Qg3 Qf6 17. c3 Ne5 18. Be2 b6 19. Qe3 Rxa5 20. Rxa5 bxa5 21. Qxe4 Bf5 22. Qd4 Qg6 23. 0-0 Bh3 24. g3 Bxf1 25. Kxf1 Qb1+ 26. Kg2 Qxb2 27. Bf1 Qa1 28. Nxd6 Nf3 29. Qe3 Ne1+ 30. Kg1 a4 31. Nf5 a3 32. Nxg7 Qb1 33. Nh5 a2 34. Qh6 Nf3+ 35. Kg2 Nh4+ 36. Kh3 Qg6 37. Nf6+ Qxf6 38. Qxf6 a1Q 39. Kxh4 Qxf1 40. Qg5+ Kh8 41. Qf6+ Kg8 1/2-1/2

[Event "Groningen op-B 57th"]
[Site "Groningen"]
[Date "2019.12.22"]
[Round "2"]
[White "Christensen, John Christoffer H"]
[Black "Noordenbos, Daan"]
[Result "0-1"]
[WhiteElo "1848"]
[BlackElo "2023"]
[PlyCount "60"]
[EventDate "2019.12.21"]
[EventType "swiss"]
[EventRounds "9"]
[EventCountry "NED"]
[SourceTitle "CBM 194 Extra"]
[Source "ChessBase"]
[SourceDate "2020.03.31"]
[SourceVersion "1"]
[SourceVersionDate "2020.03.31"]
[SourceQuality "1"]

1. e4 e6 2. d4 d5 3. Nc3 Nf6 4. Bg5 Bb4 5. e5 h6 6. Bxf6 gxf6 7. Nf3 c5 8. a3 Bxc3+ 9. bxc3 Nd7 10. Bb5 Qa5 11. Bxd7+ Bxd7 12. Qd2 f5 13. 0-0 Rc8 14. Rfc1 Ba4 15. Ra2 Kd7 16. Qe3 cxd4 17. cxd4 Qc3 18. Ne1 Rc4 19. Qxc3 Rxc3 20. Nd3 b6 21. Kf1 Rhc8 22. Ne1 Bb3 23. Rb2 Bc4+ 24. Kg1 Rxa3 25. c3 Ba6 26. Rbc2 Bb5 27. g3 Ba4 28. Rd2 Rcxc3 29. Rxc3 Rxc3 30. Kg2 Bb3 0-1

[Event "Hoogeveen op 23rd"]
[Site "Hoogeveen"]
[Date "2019.10.21"]
[Round "4"]
[White "Barthel, Ansgar"]
[Black "Noordenbos, Daan"]
[Result "1-0"]
[WhiteElo "2037"]
[BlackElo "2133"]
[PlyCount "109"]
[EventDate "2019.10.19"]
[EventType "swiss"]
[EventRounds "9"]
[EventCountry "NED"]
[SourceTitle "CBM 192 Extra"]
[Source "Chessbase"]
[SourceDate "2019.11.06"]
[SourceVersion "1"]
[SourceVersionDate "2019.11.06"]
[SourceQuality "1"]

1. e4 e6 2. d4 d5 3. Nc3 Bb4 4. exd5 exd5 5. Bd3 Ne7 6. Qh5 Qd6 7. Nge2 Be6 8. 0-0 Nbc6 9. Na4 Qd7 10. a3 Bd6 11. Nc5 Bxc5 12. dxc5 0-0-0 13. b4 f6 14. Bb2 Ng6 15. Ng3 Nf4 16. Qf3 Nxd3 17. Qxd3 Ne5 18. Qe2 Nc4 19. Bd4 h5 20. Rfe1 Rde8 21. Nf1 Bf5 22. Ne3 Nxe3 23. fxe3 Re4 24. Qf2 h4 25. c6 bxc6 26. Bxa7 Rh6 27. Rf1 Bg4 28. Bc5 Rg6 29. Kh1 h3 30. gxh3 Bxh3 31. Rg1 Reg4 32. Rg3 Qe6 33. Rxh3 d4 34. Rf3 dxe3 35. Rxe3 Qc4 36. Rae1 Rg2 37. Qxg2 Rxg2 38. Kxg2 Qxc2+ 39. R1e2 Qg6+ 40. Rg3 Qh5 41. Rd2 Qh6 42. Be3 Qh7 43. Rg4 Qg8 44. Rgd4 Qe6 45. Bf4 Qg4+ 46. Bg3 Qf5 47. h3 Kb7 48. Rd7 Qg5 49. Kh2 f5 50. Rxc7+ Kb6 51. Rcd7 f4 52. Bf2+ Kb5 53. R2d3 Kc4 54. R7d4+ Kb5 55. Rf3 1-0

[Event "Hoogeveen op 23rd"]
[Site "Hoogeveen"]
[Date "2019.10.21"]
[Round "3"]
[White "Noordenbos, Daan"]
[Black "Elgersma, Onno"]
[Result "0-1"]
[WhiteElo "2133"]
[BlackElo "2306"]
[PlyCount "23"]
[EventDate "2019.10.19"]
[EventType "swiss"]
[EventRounds "9"]
[EventCountry "NED"]
[SourceTitle "CBM 192 Extra"]
[Source "Chessbase"]
[SourceDate "2019.11.06"]
[SourceVersion "1"]
[SourceVersionDate "2019.11.06"]
[SourceQuality "1"]

1. e4 c6 2. d4 d5 3. e5 Bf5 4. Nc3 a6 5. g4 Bd7 6. Bd3 c5 7. dxc5 e6 8. Qe2 Nc6 9. Nf3 Bxc5 10. Bd2 b5 11. a4 b4 12. Nd1 0-1

[Event "NED-ch U20 op"]
[Site "Borne"]
[Date "2019.08.08"]
[Round "6"]
[White "Noordenbos, Daan"]
[Black "Ypma, Jord"]
[Result "1-0"]
[WhiteElo "2042"]
[BlackElo "1984"]
[PlyCount "71"]
[EventDate "2019.08.05"]
[EventType "swiss"]
[EventRounds "9"]
[EventCountry "NED"]
[SourceTitle "CBM 191 Extra"]
[Source "ChessBase"]
[SourceDate "2019.09.30"]
[SourceVersion "1"]
[SourceVersionDate "2019.09.30"]
[SourceQuality "1"]

1. e4 c5 2. Nf3 d6 3. d4 cxd4 4. Nxd4 Nf6 5. Nc3 a6 6. Bg5 Nbd7 7. Qf3 h6 8. Be3 e5 9. Nb3 b5 10. a4 b4 11. Nd5 Bb7 12. Bc4 Nxd5 13. exd5 Nb6 14. Nd2 Be7 15. a5 Nd7 16. Ra4 Bc8 17. Nb3 Rb8 18. Bd2 0-0 19. Rxb4 Rxb4 20. Bxb4 Bb7 21. Bd3 g6 22. c4 f5 23. Qh3 Kg7 24. g4 Bg5 25. gxf5 gxf5 26. Bxd6 Rf6 27. Bb4 e4 28. Be2 Ne5 29. Nd4 Bc8 30. Qh5 Nd3+ 31. Bxd3 exd3 32. h4 d2+ 33. Kd1 Bf4 34. Rg1+ Kh7 35. Nc6 Qc7 36. Qe8 1-0

[Event "NED-ch U20 op"]
[Site "Borne"]
[Date "2019.08.07"]
[Round "5"]
[White "Baselmans, Luuk"]
[Black "Noordenbos, Daan"]
[Result "1/2-1/2"]
[WhiteElo "2250"]
[BlackElo "2042"]
[PlyCount "89"]
[EventDate "2019.08.05"]
[EventType "swiss"]
[EventRounds "9"]
[EventCountry "NED"]
[SourceTitle "CBM 191 Extra"]
[Source "ChessBase"]
[SourceDate "2019.09.30"]
[SourceVersion "1"]
[SourceVersionDate "2019.09.30"]
[SourceQuality "1"]

1. e4 e6 2. d4 d5 3. Nd2 Nf6 4. e5 Nfd7 5. Bd3 c5 6. c3 Nc6 7. Ne2 cxd4 8. cxd4 f6 9. exf6 Nxf6 10. Nf3 Bd6 11. 0-0 0-0 12. Bf4 Bxf4 13. Nxf4 Ne4 14. Qc1 Ng5 15. Nxg5 Qxg5 16. Bxh7+ Kxh7 17. Nxe6 Qxc1 18. Nxf8+ Kg8 19. Raxc1 Kxf8 20. Rfe1 Bf5 21. Rc3 Re8 22. Rxe8+ Kxe8 23. Rc1 Kf7 24. f3 Kf6 25. g4 Bd7 26. Rd1 Kg5 27. Kf2 Kf4 28. h4 g6 29. Re1 Nxd4 30. Re7 Bc6 31. Rg7 Nxf3 32. h5 Ne5 33. Ke2 Nxg4 34. Rxg6 Be8 35. Rg7 b5 36. Rxa7 Bxh5 37. Rb7 Ne5+ 38. Kd2 Be8 39. b3 Ke4 40. a4 bxa4 41. bxa4 Nc4+ 42. Kc3 Bxa4 43. Rb4 Bc6 44. Rxc4+ dxc4 45. Kxc4 1/2-1/2

[Event "NED-ch U20 op"]
[Site "Borne"]
[Date "2019.08.06"]
[Round "3"]
[White "Emans, Job"]
[Black "Noordenbos, Daan"]
[Result "0-1"]
[WhiteElo "2089"]
[BlackElo "2042"]
[PlyCount "110"]
[EventDate "2019.08.05"]
[EventType "swiss"]
[EventRounds "9"]
[EventCountry "NED"]
[SourceTitle "CBM 191 Extra"]
[Source "ChessBase"]
[SourceDate "2019.09.30"]
[SourceVersion "1"]
[SourceVersionDate "2019.09.30"]
[SourceQuality "1"]

1. d4 Nf6 2. c4 g6 3. Nc3 Bg7 4. e4 d6 5. Nf3 0-0 6. Be2 e5 7. 0-0 Nc6 8. d5 Ne7 9. Ne1 Nd7 10. Nd3 f5 11. f3 f4 12. Bd2 g5 13. Rc1 h5 14. Nf2 Rf6 15. b4 Rg6 16. c5 dxc5 17. bxc5 Nxc5 18. Nb5 Na6 19. Qb3 Kh7 20. Rfd1 Ng8 21. h3 Nh6 22. Be1 b6 23. Qc4 Nc5 24. Bb4 Bf8 25. Nd3 g4 26. hxg4 hxg4 27. Nxc5 g3 28. Kf1 Qh4 29. Ke1 bxc5 30. Bxc5 Bd6 31. Bxd6 cxd6 32. Qc7+ Rg7 33. Qxd6 Qh1+ 34. Bf1 Nf7 35. Qc5 Bh3 36. Qc2 Ng5 37. Qe2 Nxf3+ 38. Qxf3 Bg4 39. Qd3 f3 40. Rc2 Rc8 41. Nc3 f2+ 42. Kd2 Qh6+ 43. Qe3 Qxe3+ 44. Kxe3 Bxd1 45. Rc1 Rgc7 46. Kd2 Bg4 47. Ne2 Bxe2 48. Rxc7+ Rxc7 49. Bxe2 Rf7 50. Bf1 Kg7 51. Kc3 Rf4 52. Kd3 Kf8 53. Ke3 Ke7 54. Kd3 Rh4 55. Ke3 Rh1 0-1

[Event "NED-ch U20 op"]
[Site "Borne"]
[Date "2019.08.06"]
[Round "2"]
[White "Hofstra, Tetske"]
[Black "Noordenbos, Daan"]
[Result "0-1"]
[WhiteElo "1126"]
[BlackElo "2042"]
[PlyCount "86"]
[EventDate "2019.08.05"]
[EventType "swiss"]
[EventRounds "9"]
[EventCountry "NED"]
[SourceTitle "CBM 191 Extra"]
[Source "ChessBase"]
[SourceDate "2019.09.30"]
[SourceVersion "1"]
[SourceVersionDate "2019.09.30"]
[SourceQuality "1"]

1. e4 c5 2. Nf3 Nc6 3. c3 d5 4. e5 Bg4 5. d4 Bxf3 6. Qxf3 cxd4 7. Bb5 dxc3 8. Bxc6+ bxc6 9. Qxc3 Qd7 10. Be3 e6 11. 0-0 Rb8 12. Nd2 Bb4 13. Qd4 Ne7 14. Nb3 Rb7 15. a3 Nf5 16. Qd3 Be7 17. Rab1 d4 18. Bf4 Qd5 19. Nd2 h5 20. Nf3 Rb3 21. Qe2 Rxf3 22. Qxf3 Qxf3 23. gxf3 g5 24. Bd2 Nh4 25. Rfd1 Nxf3+ 26. Kg2 Nxe5 27. f4 gxf4 28. Bxf4 Ng6 29. Kf3 e5 30. Bg3 f5 31. Bf2 e4+ 32. Ke2 Nf4+ 33. Ke1 Nd3+ 34. Rxd3 exd3 35. Bxd4 Rg8 36. Bxa7 Rg2 37. Bb8 Rg1+ 38. Kd2 Rxb1 39. Be5 f4 40. Bxf4 Rxb2+ 41. Kxd3 Bxa3 42. Kc3 Rf2 43. Be5 Bb2+ 0-1

[Event "Groninger Combinatie op"]
[Site "Groningen"]
[Date "2019.06.01"]
[Round "4"]
[White "Noordenbos, Daan"]
[Black "De Boer, Eelke"]
[Result "0-1"]
[WhiteElo "2033"]
[BlackElo "2333"]
[PlyCount "90"]
[EventDate "2019.05.30"]
[EventType "swiss"]
[EventRounds "7"]
[EventCountry "NED"]
[SourceTitle "CBM 190 Extra"]
[Source "ChessBase"]
[SourceDate "2019.07.15"]
[SourceVersion "1"]
[SourceVersionDate "2019.07.15"]
[SourceQuality "1"]

1. e4 c5 2. Nf3 d6 3. d4 cxd4 4. Nxd4 Nf6 5. Nc3 a6 6. Bg5 Nbd7 7. f4 Qa5 8. Qf3 h6 9. Bxf6 Nxf6 10. f5 g5 11. 0-0-0 Bg7 12. Bc4 Bd7 13. e5 Qxe5 14. Qxb7 0-0 15. Rhe1 Qc5 16. Bb3 a5 17. Rxe7 Ra7 18. Qf3 a4 19. Rxd7 Nxd7 20. Nxa4 Rxa4 21. Bxa4 Bxd4 22. Bxd7 Qa7 23. Bb5 Rb8 24. Qd5 Be5 25. h3 Qa5 26. a4 Qb4 27. c3 Qf4+ 28. Kb1 Qxf5+ 29. Ka2 Qf6 30. Rf1 Qe7 31. Re1 Kg7 32. Re2 Rc8 33. Qb3 Qf6 34. Re3 Rc7 35. Rf3 Qe7 36. Bc4 Bf6 37. Bb5 Qe4 38. Bd3 Qe1 39. Qd5 Bxc3 40. Qe4 Qd2 41. Bc2 Be5 42. Rxf7+ Rxf7 43. Qh7+ Kf8 44. Qxh6+ Ke7 45. Qg6 Qc1 0-1

[Event "Groningen Combinatie op"]
[Site "Groningen"]
[Date "2018.05.12"]
[Round "5"]
[White "Noordenbos, Daan"]
[Black "Klapwijk, Bram"]
[Result "0-1"]
[WhiteElo "1792"]
[BlackElo "2203"]
[PlyCount "60"]
[EventDate "2018.05.10"]
[EventType "swiss"]
[EventRounds "7"]
[EventCountry "NED"]
[SourceTitle "CBM 184 Extra"]
[Source "ChessBase"]
[SourceDate "2018.06.28"]
[SourceVersion "1"]
[SourceVersionDate "2018.06.28"]
[SourceQuality "1"]

1. e4 e6 2. d4 d5 3. Nc3 Nf6 4. Bg5 Bb4 5. e5 h6 6. Bd2 Bxc3 7. bxc3 Ne4 8. Qg4 Kf8 9. Bd3 Nxd2 10. Kxd2 c5 11. h4 Qa5 12. a3 cxd4 13. Qxd4 Nc6 14. Qf4 d4 15. Ne2 dxc3+ 16. Nxc3 Qxe5 17. Qxe5 Nxe5 18. f4 Nxd3 19. cxd3 Bd7 20. Rac1 Bc6 21. Rh2 Ke7 22. Ke3 h5 23. g3 Rad8 24. Rb2 Rh6 25. Ne4 Rg6 26. Rg1 Rd5 27. Rb3 e5 28. fxe5 Rxe5 29. Kf4 f6 30. Nf2 Ke6 0-1

[Event "NED-ch U16"]
[Site "Assen"]
[Date "2018.05.05"]
[Round "7"]
[White "Gevorkjan, Lewon"]
[Black "Noordenbos, Daan"]
[Result "1/2-1/2"]
[WhiteElo "1821"]
[BlackElo "1763"]
[PlyCount "145"]
[EventDate "2018.04.29"]
[EventType "swiss"]
[EventRounds "7"]
[EventCountry "NED"]
[SourceTitle "CBM 184 Extra"]
[Source "ChessBase"]
[SourceDate "2018.06.28"]
[SourceVersion "1"]
[SourceVersionDate "2018.06.28"]
[SourceQuality "1"]

1. Nf3 Nf6 2. e3 g6 3. b3 Bg7 4. Bb2 0-0 5. c4 d6 6. Nc3 b6 7. Be2 Bb7 8. 0-0 Ne4 9. Qc2 Nxc3 10. Bxc3 e5 11. d4 Qe7 12. Rfe1 f5 13. Rad1 Nd7 14. dxe5 Nxe5 15. Nxe5 dxe5 16. Rd2 Rfd8 17. Red1 Rxd2 18. Rxd2 Rd8 19. Qd1 Rxd2 20. Qxd2 Qd6 21. Qb2 Qe7 22. Bf1 c5 23. g3 e4 24. Bxg7 Qxg7 25. Qa3 Bc6 26. b4 cxb4 27. Qxb4 Qf8 28. Qd2 Qf6 29. Qc1 Qe7 30. Qc3 Qd6 31. Qb3 Qc5 32. Qd1 Qe7 33. Qd4 Qd7 34. Qe5 Kf7 35. Qh8 Ke6 36. Qb8 Qb7 37. Qg8+ Qf7 38. Qc8+ Qd7 39. Qa6 Qb7 40. Qa3 Qe7 41. Qc1 Kd7 42. Qd1+ Qd6 43. Qb3 Kc7 44. Qc3 Qe7 45. Qd4 Qd6 46. Qg7+ Qd7 47. Qf8 Qd6 48. Qg8 Qe7 49. Qh8 Qd7 50. h4 Qe7 51. a4 Qd7 52. a5 bxa5 53. Qc3 a4 54. c5 Kb8 55. Ba6 Bb7 56. Qb4 Qd1+ 57. Kg2 Qb3 58. Qa5 Bxa6 59. Qxa6 Qd1 60. c6 Qb3 61. Qa5 Qb6 62. Qe5+ Qc7 63. Qb5+ Qb6 64. Qe5+ Qc7 65. Qh8+ Qc8 66. c7+ Kb7 67. Qxh7 Qe6 68. Qh8 Kxc7 69. Qd4 Qa6 70. Qg7+ Kd8 71. Qf8+ Kc7 72. Qf7+ Kd8 73. Qf8+ 1/2-1/2

[Event "NED-ch U16"]
[Site "Assen"]
[Date "2018.05.03"]
[Round "5"]
[White "Grutter, Tim"]
[Black "Noordenbos, Daan"]
[Result "1-0"]
[WhiteElo "1974"]
[BlackElo "1763"]
[PlyCount "53"]
[EventDate "2018.04.29"]
[EventType "swiss"]
[EventRounds "7"]
[EventCountry "NED"]
[SourceTitle "CBM 184 Extra"]
[Source "ChessBase"]
[SourceDate "2018.06.28"]
[SourceVersion "1"]
[SourceVersionDate "2018.06.28"]
[SourceQuality "1"]

1. e4 e6 2. d4 d5 3. Nd2 Nf6 4. e5 Nfd7 5. Bd3 c5 6. c3 Nc6 7. Ne2 Be7 8. 0-0 Qb6 9. Nf3 h6 10. Kh1 g5 11. Ne1 c4 12. Bc2 f5 13. exf6 Nxf6 14. Bg6+ Kd8 15. f4 Rg8 16. Qc2 Ne8 17. Nf3 g4 18. Ne5 Nxe5 19. fxe5 Bg5 20. b3 Ng7 21. bxc4 dxc4 22. Ng3 Bh4 23. Ne4 Nf5 24. Bxf5 exf5 25. Nd6 Bd7 26. Rb1 Qc6 27. Nxb7+ 1-0

[Event "NED-ch U16"]
[Site "Assen"]
[Date "2018.05.02"]
[Round "4"]
[White "Noordenbos, Daan"]
[Black "Emans, Job"]
[Result "1/2-1/2"]
[WhiteElo "1763"]
[BlackElo "1803"]
[PlyCount "96"]
[EventDate "2018.04.29"]
[EventType "swiss"]
[EventRounds "7"]
[EventCountry "NED"]
[SourceTitle "CBM 184 Extra"]
[Source "ChessBase"]
[SourceDate "2018.06.28"]
[SourceVersion "1"]
[SourceVersionDate "2018.06.28"]
[SourceQuality "1"]

1. e4 e6 2. d4 d5 3. Nc3 Nf6 4. Bg5 Be7 5. e5 Nfd7 6. Bxe7 Qxe7 7. f4 a6 8. Nf3 c5 9. Qd2 Nc6 10. dxc5 Nxc5 11. 0-0-0 Bd7 12. Bd3 Rc8 13. Kb1 Nxd3 14. cxd3 Qb4 15. Rhe1 b5 16. h3 Qa5 17. f5 b4 18. Ne2 exf5 19. Qg5 Kf8 20. Nf4 Be6 21. g4 Qd8 22. Qh5 g6 23. Qh6+ Kg8 24. Ng5 Qf8 25. Qxf8+ Kxf8 26. Ngxe6+ fxe6 27. Nxe6+ Ke7 28. gxf5 gxf5 29. Nf4 d4 30. Rc1 Rhg8 31. Nd5+ Ke6 32. Nf4+ Ke7 33. Rc5 Rg3 34. Nd5+ Ke6 35. Nb6 Rc7 36. Rec1 Rxd3 37. Rxc6+ Rxc6 38. Rxc6+ Kxe5 39. Rh6 f4 40. Kc2 Rg3 41. Nc4+ Kd5 42. Nd2 d3+ 43. Kb3 Rg2 44. Nf3 Ke4 45. Nh4 Rg3 46. Rxh7 f3 47. Re7+ Kf4 48. Rf7+ Ke4 1/2-1/2